00267nam a2200109Ia 4500008004100000100002100041245002300062260002600085650002200111942000700133999001700140190216s9999||||xx |||||||||||||| ||und|| aSankara Pillai G 0aEadan Maranna Ezha bPoorna Pubs Kozhikode aMalayalam Nadakam cBK c26233d26233